| 000 | 01549nam a22003977a 4500 | ||
|---|---|---|---|
| 003 | CHAP | ||
| 005 | 20220817044215.0 | ||
| 008 | + 0409d2007 mx r 00110 spa d | ||
| 010 | _a94681 | ||
| 011 | _a95653 | ||
| 035 | _a106282 | ||
| 040 | _cCHAP | ||
| 090 | _aTesis | ||
| 100 | 1 |
_aTrejo Trejo, Estela _9114792 |
|
| 245 | 1 | 0 |
_aTratamiento a la semilla de cebada (Hordeum vulgare L.) con insecticida "Poncho 600" y su efecto en la calidad fisiológica de semilla e incidencia de trips en plántula _c/por Estela Trejo Trejo |
| 260 |
_aChapingo, Méx. : _bEl autor, _c2007 |
||
| 300 |
_a50 h. : _bilus. ; cuadros |
||
| 502 | _aTesis (Ing. Agr. Esp. en Parasitología Agrícola) -- UACH. Departamento de Parasitología Agrícola | ||
| 590 |
_aALEPH _b10 _c20130110 _lUCH01 _h1522 |
||
| 590 |
_aBATCH-UPD _b10 _c20130110 _lUCH01 _h0408 |
||
| 590 |
_aBATCH-UPD _b10 _c20130110 _lUCH01 _h2016 |
||
| 590 |
_aBATCH-UPD _b10 _c20130410 _lUCH01 _h0042 |
||
| 590 |
_aBATCH-UPD _b10 _c20130914 _lUCH01 _h0904 |
||
| 590 |
_aCONVERSION _b10 _c20130109 _lUCH01 _h1352 |
||
| 650 | 1 | 4 |
_aCebada _xSemilla. _920708 |
| 650 | 1 | 4 |
_aCebada _xVariedades. _920715 |
| 650 | 1 | 4 |
_aGerminación. _947755 |
| 650 | 1 | 4 |
_aInsecticidas. _958855 |
| 650 | 1 | 4 |
_aSemillas _xFisiología y morfología. _9103902 |
| 650 | 1 | 4 |
_aSemillas _xMejoramiento. |
| 650 | 1 | 4 |
_aSemillas _xVigor. _9103934 |
| 901 | _aBK | ||
| 942 | _cFOLL | ||
| 949 |
_aTesis _bBC _cTES _d33724002053215 _eTS2 _fc.2 _gDonaciØn _h47558 _i106282 _sb |
||
| 949 |
_aTesis _bBC _cTES _d33724002053330 _eTS1 _gDonaciØn _h47557 _i106282 _sb |
||
| 999 |
_c94681 _d94681 |
||